<?xml version="1.0" encoding="UTF-8"?><marc:collection xmlns:marc="http://www.loc.gov/MARC21/slim">
  <marc:record>
    <marc:leader>00000nam##2200000za#4500</marc:leader>
    <marc:controlfield tag="001">9.680420</marc:controlfield>
    <marc:controlfield tag="003">CaOODSP</marc:controlfield>
    <marc:controlfield tag="005">20200401074833</marc:controlfield>
    <marc:controlfield tag="007">ta</marc:controlfield>
    <marc:controlfield tag="008">150407|1998||||xxc|||||     f|0| 0 fre|d</marc:controlfield>
    <marc:datafield tag="020" ind1=" " ind2=" ">
      <marc:subfield code="a">0-662-82855-0</marc:subfield>
    </marc:datafield>
    <marc:datafield tag="040" ind1=" " ind2=" ">
      <marc:subfield code="a">CaOODSP</marc:subfield>
      <marc:subfield code="b">fre</marc:subfield>
    </marc:datafield>
    <marc:datafield tag="043" ind1=" " ind2=" ">
      <marc:subfield code="a">n-cn---</marc:subfield>
    </marc:datafield>
    <marc:datafield tag="086" ind1="1" ind2=" ">
      <marc:subfield code="a">SW21-32/1998F</marc:subfield>
    </marc:datafield>
    <marc:datafield tag="110" ind1="1" ind2=" ">
      <marc:subfield code="a">Canada. </marc:subfield>
      <marc:subfield code="b">Condition féminine Canada.</marc:subfield>
    </marc:datafield>
    <marc:datafield tag="245" ind1="1" ind2="0">
      <marc:subfield code="a">Les femmes et le déficit en matière d'égalité : </marc:subfield>
      <marc:subfield code="b">l'incidence de la restructuration des programmes sociaux du Canada / </marc:subfield>
      <marc:subfield code="c">Par Shelagh Day et Gwen Brodsky. </marc:subfield>
    </marc:datafield>
    <marc:datafield tag="260" ind1=" " ind2=" ">
      <marc:subfield code="a">Ottawa - Ontario : </marc:subfield>
      <marc:subfield code="b">Condition féminine Canada </marc:subfield>
      <marc:subfield code="c">1998.</marc:subfield>
    </marc:datafield>
    <marc:datafield tag="300" ind1=" " ind2=" ">
      <marc:subfield code="a">188, 27, 38p. : </marc:subfield>
      <marc:subfield code="b">références ; </marc:subfield>
      <marc:subfield code="c">28 cm.</marc:subfield>
    </marc:datafield>
    <marc:datafield tag="500" ind1=" " ind2=" ">
      <marc:subfield code="a">Données de catalogage avant publication (Canada) imprimées dans cette publication. Sommaire: Chapitre 1: Du RAPC au TCSPS: les pertes: Le cadre général; Les programmes sociaux nationaux et le fédéralisme fiscal; Les répercussions de la Loi d'exécution du budget.--Chapitre 2: L'égalité des femmes: l'engagement normatif: Les engagements internationaux à l'égard des droits de la personne; Les engagements à l'égard des droits de la personne au Canada.--Chapitre 3: Les prétentions des opposants: Aperçu des décisions; L'exclusion des dimension sociales et économiques de l'inégalité du cadre de l'égalité; La séparation des droits à l'égalité et de la politique sociale et économique; la rupture du lien entre l'inégalité et les droits à l'égalité; Résistance à la séparation du droit à l'égalité et de l'inégalité sociale et économique de fait.--Chapitre 4: La LEB, les obligations du Canada en vertu des traités et les droits à l'égalité garantis par la Charte.--Chapitre 5: Les nouvelles orientations: Les tribunaux et les droits à l'égalité; Les instruments et les forums internationaux; Une commission de l'après-Beijing sur l'égalité des femmes; L'avenir des programmes sociaux et des normes "nationales".</marc:subfield>
    </marc:datafield>
    <marc:datafield tag="563" ind1=" " ind2=" ">
      <marc:subfield code="a">Couverture souple</marc:subfield>
    </marc:datafield>
    <marc:datafield tag="590" ind1=" " ind2=" ">
      <marc:subfield code="a">98-26</marc:subfield>
      <marc:subfield code="b">1998-06-26</marc:subfield>
    </marc:datafield>
    <marc:datafield tag="691" ind1="0" ind2="7">
      <marc:subfield code="a">Femme</marc:subfield>
      <marc:subfield code="2">gcpds</marc:subfield>
    </marc:datafield>
    <marc:datafield tag="691" ind1="0" ind2="7">
      <marc:subfield code="a">Égalité des chances</marc:subfield>
      <marc:subfield code="2">gcpds</marc:subfield>
    </marc:datafield>
    <marc:datafield tag="691" ind1="0" ind2="7">
      <marc:subfield code="a">Égalité des sexes</marc:subfield>
      <marc:subfield code="2">gcpds</marc:subfield>
    </marc:datafield>
    <marc:datafield tag="691" ind1="0" ind2="7">
      <marc:subfield code="a">Programmes sociaux</marc:subfield>
      <marc:subfield code="2">gcpds</marc:subfield>
    </marc:datafield>
    <marc:datafield tag="720" ind1="1" ind2=" ">
      <marc:subfield code="a">Brodsky, Gwen</marc:subfield>
    </marc:datafield>
    <marc:datafield tag="720" ind1="1" ind2=" ">
      <marc:subfield code="a">Day, Shelagh</marc:subfield>
    </marc:datafield>
    <marc:datafield tag="775" ind1="0" ind2="8">
      <marc:subfield code="t">Women and the equality deficit : </marc:subfield>
      <marc:subfield code="w">(CaOODSP)9.646930</marc:subfield>
    </marc:datafield>
    <marc:datafield tag="776" ind1="0" ind2="#">
      <marc:subfield code="t">Les femmes et le déficit en matière d'égalité : </marc:subfield>
      <marc:subfield code="w">(CaOODSP)9.632938</marc:subfield>
    </marc:datafield>
  </marc:record>
</marc:collection>
